| 000 | 00643nam a2200193 i 4500 | ||
|---|---|---|---|
| 001 | 41858 | ||
| 003 | ES-MaACL | ||
| 005 | 20250827063205.0 | ||
| 007 | t| | ||
| 008 | 030312s1973 sp ||||1| spa d | ||
| 100 | 1 |
_aCasariego, J. E., _d1913-1990 _936176 |
|
| 245 | 1 | 0 |
_aCaminos y viajeros de Asturias / _cpor J. E. Casariego. |
| 260 |
_a[Oviedo] : _bALSA, _c[1973] |
||
| 300 |
_a174 p. : _bil. ; _c27 cm. |
||
| 650 | 4 |
_aTransportes- _zAsturias (Comunidad Autónoma)- _vHistoria. _9159357 |
|
| 650 | 4 |
_aCaminos- _zAsturias (Comunidad Autónoma)- _vHistoria. _9159358 |
|
| 852 |
_aES-MaACL _jC-55897 _bR.88638 |
||
| 999 |
_c41858 _d41858 |
||